The natural history of revolution /

Bibliographic Details
Main Author: Edwards, Lyford Paterson, 1882-
Format: Book
Language:English
Published: Chicago : University of Chicago Press, [1970]
Series:Heritage of sociology.
Subjects:

MARC

Tag First Indicator Second Indicator Subfields
LEADER 00000cam a2200000 4500
001 in00000046049
005 20151007065307.0
008 710118r19701927ilu b 00110 eng
010 |a  77127821  
020 |a 0226184900 
035 |a (OCoLC)00111563 
035 |9 AAE1700AM 
040 |a DLC  |c DLC  |d TXA  |d UtOrBLW 
049 |a TXAM  |c 1 [705250], 2 [1115324] 
050 0 0 |a HM283  |b .E4 1970 
082 0 |a 301.2/42 
100 1 |a Edwards, Lyford Paterson,  |d 1882- 
245 1 4 |a The natural history of revolution /  |c [by] Lyford P. Edwards. 
264 1 |a Chicago :  |b University of Chicago Press,  |c [1970] 
300 |a xxi, 229 pages ;  |c 21 cm. 
336 |a text  |b txt  |2 rdacontent 
337 |a unmediated  |b n  |2 rdamedia 
338 |a volume  |b nc  |2 rdacarrier 
490 1 |a The Heritage of sociology 
500 |a Reprint of the 1927 edition with a new foreword by Morris Janowitz. 
504 |a Includes bibliographies. 
650 0 |a Revolutions  |x History. 
830 0 |a Heritage of sociology. 
999 |a MARS 
999 f f |s 3dd1c230-1e1e-3630-871e-74179bc34a56  |i e91112aa-ff34-3de4-8baf-1977365c98a0  |t 0 
952 f f |p normal  |a Texas A&M University  |b College Station  |c Sterling C. Evans Library  |d Evans: Library Stacks  |t 0  |e HM283 .E4 1970  |h Library of Congress classification  |i unmediated -- volume  |m A14802925253 
998 f f |a HM283 .E4 1970  |t 0  |l Evans: Library Stacks